Grupos inteligentes: teoría y práctica del trabajo en equipo (Registro nro. 1469)

Detalles MARC
000 -CABECERA
campo de control de longitud fija 00854aam a2200301 4500
005 - FECHA Y HORA DE ACTUALIZACIÓN
campo de control 20161012162928.0
008 - LONGITUD FIJA
campo de control de longitud fija 150624b xxu||||| |||| 00| 0 spa d
041 ## - IDIOMA
Código de idioma del texto/pista de sonido o título separado
082 ## - CLASIFICACIÓN DECIMAL DEWEY
Número de clasificación 658.3 C395g
100 ## - AUTOR PERSONAL
Nombre de persona Cembranos, Fernando
100 ## - AUTOR PERSONAL
Nombre de persona Medina, José Ángel
245 ## - TÍTULO PROPIAMENTE DICHO
Título Grupos inteligentes: teoría y práctica del trabajo en equipo
250 ## - EDICIÓN
Mención de edición 2 edición
260 ## - PIE DE IMPRENTA
Lugar de publicación, distribución, etc. España
260 ## - PIE DE IMPRENTA
Nombre del editor, distribuidor, etc. Popular
260 ## - PIE DE IMPRENTA
Fecha de publicación, distribución, etc. 2003
300 ## - DESCRIPCIÓN FÍSICA
Extensión 301 páginas
650 ## - Materia General
Materia general ADMINISTRACION DE PERSONAL
650 ## - Materia General
Materia general TRABAJO EN EQUIPO
650 ## - Materia General
Materia general PENSAMIENTO COLECTIVO
650 ## - Materia General
Materia general GRUPOS DE TRABAJO
650 ## - Materia General
Materia general REUNIONES
650 ## - Materia General
Materia general LIDERAZGO
650 ## - Materia General
Materia general TEORIA DE LOS JUEGOS
650 ## - Materia General
Materia general MOTIVACION
650 ## - Materia General
Materia general TOMA DE DECISIONES
942 ## - Punto de Acceso Adicional Koha
Tipo de ítem Koha Libro
Existencias
Estado perdido Estado dañado No para préstamo Biblioteca permanente Biblioteca actual Signatura completa Código de barras Precio efectivo a partir del Tipo de ítem
      Departamento de Biblioteca y Documentación Alfonso Chase Brenes Departamento de Biblioteca y Documentación Alfonso Chase Brenes 658.3 C395g 10465 12/10/2016 Libro